Introducción al cooperativismo /
Guardado en:
| Autor Principal: | |
|---|---|
| Formato: | Libro |
| Publicado: |
Buenos Aires :
Intercoop,
1985
|
| Materias: | |
| Etiquetas: |
Agregar Etiqueta
Sin Etiquetas, Sea el primero en etiquetar este registro!
|
| LEADER | 01014nam a22001815a 4500 | ||
|---|---|---|---|
| 001 | CEM.cems000811 | ||
| 005 | 20060210000000.0 | ||
| 008 | 130507s1985##################000#0#####d | ||
| 003 | CEMS | ||
| 082 | 0 | 4 | |a 334 |
| 100 | 1 | |a Balbi de Gonzalo, Nidia | |
| 245 | 1 | 0 | |a Introducción al cooperativismo / |
| 260 | |a Buenos Aires : |b Intercoop, |c 1985 | ||
| 300 | |a 75 p. | ||
| 505 | 0 | |a Importancia de los servicios publicos cooperativos. El cooperativismo y occidente; Las cooperativas de servicios publicos, personas publicas o privadas?; La condicion jurica de las cooperativas prestatarias de servicios publicos; Naturaleza y regimen juridico de las cooperativas de servicios publicos; Cooperativas publicas; Consecuencia de la naturaleza de las cooperativas de servicios publicos; Cooperativas prestatarias de servicios publicos. Algunos aspectos de su regimen juridico | |
| 653 | |a Cooperativismo | ||
| 859 | |a CEMS |b BIB. CEMS - 11 de abril |h 334 |i B185 |p 14275.86 |t Ej.1 | ||
| 859 | |a CEMS |b BIB. CEMS - 11 de abril |h 334 |i B185 |p 15404.89 |t Ej.2 | ||
